Desarrollo del talento y la creatividad en el puesto de trabajo

Detalles Bibliográficos
Autor principal: Hilario Gm̤ez, Susana
Formato: eBook
Lenguaje:español
Publicado: Bogot:̀ Ediciones de la U, 2019
Materias:
Acceso en línea:Acceso restringido

MARC

LEADER 00000nam a22000007a 4500
005 20191216215141.0
007 cr|||| ||||
008 191216s2019 co |||||s|||| 00||0 spa d
020 |a 978-958-792-083-3 
035 |a 30881 
040 |a vLex 
090 |c 10071  |d 10071 
100 1 |a Hilario Gm̤ez, Susana 
245 1 0 |a Desarrollo del talento y la creatividad en el puesto de trabajo  |h [Recurso electrn̤ico] /  |c Susana Hilario Gm̤ez 
256 |a Servicio en ln̕ea 
260 |a Bogot:̀  |b Ediciones de la U,  |c 2019 
300 |a 1 recurso electrn̤ico 
506 1 |a Disponible solo en los productos indicados  |d vLex Global  |d vLex Global (Academic Edition, excluding Law Schools)  |d vLex Global (U.S. Academic Edition, Law Schools)  |d vLex Global (U.S. Academic Edition, excluding Law Schools)  |d vLex Global (Academic Edition, Law Schools) 
650 0 4 |a Derecho Laboral y Seguridad Social  |z Colombia 
740 0 |a vLex Libros (Servicio en ln̕ea) 
856 4 0 |u http://vlex.com/source/desarrollo-talento-creatividad-puesto-trabajo-30881  |z Acceso restringido 
942 |c BOOK 
999 0 |a Labor law and social security